000 00297 a2200157 4500
001 163186
020 _a
040 _cMagnum
100 _aGenofre, Godofredo
240 1 0 _aO mexilhao
_lpor
245 1 0 _aO mexilhao
362 0 _a1899
440 1 _aFTD
697 _aI/ANIMAIS
942 _cBK
999 _c163186
_d163186